Διαφορικές μορφές : θεωρία και εφαρμογές
Αποθηκεύτηκε σε:
| Κύριος συγγραφέας: | |
|---|---|
| Άλλοι συγγραφείς: | |
| Μορφή: | Βιβλίο |
| Γλώσσα: | Greek English |
| Δημοσίευση: |
Αθήνα :
Leader Books,
2010.
|
| Σειρά: | Πανεπιστημιακά μαθηματικά κείμενα
|
| Θέματα: | |
| Ετικέτες: |
Προσθήκη ετικέτας
Δεν υπάρχουν, Καταχωρήστε ετικέτα πρώτοι!
|
MARC
| LEADER | 00000cam a2200000 i 4500 | ||
|---|---|---|---|
| 001 | 1/30385 | ||
| 008 | 130528s2010 gr | ||| |||| ||gre|| | ||
| 020 | |a 9789607901552 | ||
| 035 | |l 10114549 | ||
| 040 | |a GR-MY-UA |b gre |e aacr | ||
| 041 | 1 | |a gre |h eng | |
| 082 | 0 | |a 515.37 |2 (22) | |
| 100 | 1 | |a Carmo, Manfredo Perdigao do. | |
| 245 | 1 | 0 | |a Διαφορικές μορφές : |b θεωρία και εφαρμογές / |c Manfredo P. do Carmo ; μετάφραση και πρόλογος Δημήτριος Ι. Νταής. |
| 260 | |a Αθήνα : |b Leader Books, |c 2010. | ||
| 300 | |a 166 σ. ; |c 24 εκ. | ||
| 490 | 1 | |a (Πανεπιστημιακά μαθηματικά κείμενα) | |
| 504 | |a Περιλαμβάνει βιβλιογραφικές αναφορές και ευρετήριο. | ||
| 650 | 0 | 0 | |a Differential forms. |
| 700 | 1 | |a Νταής, Δημήτριος, |e trl |e aui | |
| 765 | 0 | 8 | |i Μετάφραση του: |t Differential forms and applications / |
| 830 | 0 | |a Πανεπιστημιακά μαθηματικά κείμενα | |
| 852 | |a INST |b SAMOS |c EUDOXUS |e 20130528 |h 515.37 CAR |p 005300039920 |q 005300039920 |t EDX |y 0 | ||
| 852 | |a INST |b SAMOS |c EUDOXUS |e 20130528 |h 515.37 CAR |p 005300039921 |q 005300039921 |t EDX |y 0 | ||
| 901 | |a BIBL3-2013-1 | ||
| 909 | |a Σ |b 178316 | ||
| 909 | |a Σ |b 178315 | ||
| 920 | |a ΕΥΔΟΞΟΣ |b ΠΑΡΑΓΓΕΛΙΑ |y Σάμος-ΤΜΑΘ |z 2013-05 | ||
| 970 | |a ΓΟΥΒΑΛΑ |b ΒΑΣΩ |z 2013/05/28 | ||